000 00623nam a2200229Ia 4500
003 OSt
005 20221007080746.0
006 a|||||r|||| 00| 0
007 ta
008 221006b |||||||| |||| 00| 0 eng d
024 _a19,774
037 _cTextual
040 _aFLL
_cFLL
_beng
041 _2eng
_aeng
082 _aV2:2:M8, H6
100 _aMaitland F.W. Au.
_9685249
245 0 _aConstitutional history of england
260 _aNew York
_bCambridge university press U.S.A.
_c1946
300 _a548p
_ccm.
942 _hV2:2:M8, H6
_cTEXL
_2CC
999 _c1160804
_d1160804